Statistics for X2 Quiz

Click here to take the quiz!

General Stats

  • This quiz has been taken 5 times
  • The average score is 6 of 10

Answer Stats

HintAnswer% Correct
Who attacks the president?Nightcrawler / Kurt Wagner
100%
Who plays Storm?Halle Berry
75%
What does Bobby do to his mother’s cup of tea?He freezes it
75%
Who is Rogue’s love interest?Iceman / Bobby Drake
75%
Who has powers similar to Wolverine and fights with him?Lady Deathstrike / Yuriko Oyama
75%
Who is the main villain of the movie?William Stryker
75%
What is the movie rated on iMDB?7.4
50%
Which mutant can create illusions?Jason Stryker
50%
What is Pyro’s real name?John Allerdyce
25%
Complete the quote: Sometimes anger can help you to _____survive
25%

Score Distribution

Percentile by Number Answered

Percent of People with Each Score

Your Score History

You have not taken this quiz